The seven Cs of consulting: the definitive guide to the consulting process (Record no. 103656)

MARC details
000 -LEADER
fixed length control field 00825cam a2200217 4500
008 - FIXED-LENGTH DATA ELEMENTS--GENERAL INFORMATION
fixed length control field 040721n2003 000 0 eng u
020 ## - INTERNATIONAL STANDARD BOOK NUMBER
International Standard Book Number 027366333X
035 ## - SYSTEM CONTROL NUMBER
System control number (Sirsi) u126852
041 ## - LANGUAGE CODE
Language code of text/sound track or separate title eng
050 ## - LIBRARY OF CONGRESS CALL NUMBER
Classification number 658.99
-- 18
100 ## - MAIN ENTRY--PERSONAL NAME
Personal name Cope, Mick
245 #4 - TITLE STATEMENT
Title The seven Cs of consulting: the definitive guide to the consulting process
250 ## - EDITION STATEMENT
Edition statement 2nd
260 ## - PUBLICATION, DISTRIBUTION, ETC.
Place of publication, distribution, etc. London
Name of publisher, distributor, etc. Prentice Hall/Financial Times
Date of publication, distribution, etc. 2003
300 ## - PHYSICAL DESCRIPTION
Extent xxiii,296p. ; 24cm.
350 ## - PRICE (NR) (BK AM CF MU VM SE) [OBSOLETE]
Price 13.58
520 ## - SUMMARY, ETC.
Summary, etc. Based around the author's 7Cs model - client, clarify, create, change, confirm, continue, close - this book offers both budding and experienced consultants a solid framework to enable them to manage any consultancy assignment.
650 ## - SUBJECT ADDED ENTRY--TOPICAL TERM
Topical term or geographic name entry element Management consultancy
9 (RLIN) 6255
690 ## - LOCAL SUBJECT ADDED ENTRY--TOPICAL TERM (OCLC, RLIN)
Topical term or geographic name as entry element MANAGEMENT-BUSINESS MANAGEMENT
942 ## - ADDED ENTRY ELEMENTS (KOHA)
Suppress in OPAC 0
Holdings
Withdrawn status Lost status Source of classification or shelving scheme Damaged status Not for loan Home library Current library Shelving location Date acquired Cost, normal purchase price Total Checkouts Full call number Barcode Date last seen Date last checked out Copy number Cost, replacement price Price effective from Koha item type
    Dewey Decimal Classification     London London Books 07/09/2004 15.39 3 658.99 COP 30069495 06/08/2019 09/05/2006 1 15.39 06/08/2019 Book